| 000 | 00674nam a2200205Ii 4500 | ||
|---|---|---|---|
| 003 | JO-AjNU | ||
| 008 | 230605s9999||||xx |||||||||||||| ||und|| | ||
| 040 |
_aJO-AjNU _bara _erda _cJO-AjNU |
||
| 041 | _aara | ||
| 050 | 1 | 4 | _aHF1356.B3264 |
| 100 | 3 |
_aبدران،عمر حسن احمد, _eauthor _97392 |
|
| 245 | 0 | 0 | _aالانسان والعولمة |
| 264 | 3 | 1 | _aد.م:د.ن |
| 300 |
_a80ص _bيحتوي على ببلوغرافية من ص77-80ص |
||
| 336 |
_atext _btxt _2rdacontent |
||
| 337 |
_aunmediated _bn _2rdamedia |
||
| 338 |
_avolume _bnc _2rdacarrier |
||
| 490 | 0 | _aدائرة معارف بناء الانسان | |
| 650 | 4 |
_aالعولمة -الانسان _97393 |
|
| 999 |
_aA256 _c3824 _d3824 |
||